Nuevas formas de aprender y enseñar. Seminario regional formas de aprender y nuevas formas de enseñar: demandas a la formación inicial del docente
محفوظ في:
| التنسيق: | كتاب |
|---|---|
| اللغة: | الإسبانية |
| منشور في: |
Santiago
UNESCO-CHILE
1996
|
| الموضوعات: | |
| الوسوم: |
إضافة وسم
لا توجد وسوم, كن أول من يضع وسما على هذه التسجيلة!
|
MARC
| LEADER | 00000cam a2200000 a 4500 | ||
|---|---|---|---|
| 001 | UCG6377 | ||
| 003 | CL-VaPUC | ||
| 005 | 20220526074501.0 | ||
| 008 | 110421e19961000cl 1 spa d | ||
| 082 | 0 | 4 | |a 371.102 |b NUE |2 21 |
| 245 | 1 | 0 | |a Nuevas formas de aprender y enseñar. Seminario regional formas de aprender y nuevas formas de enseñar: demandas a la formación inicial del docente |
| 260 | |a Santiago |b UNESCO-CHILE |c 1996 | ||
| 300 | |a 232 p | ||
| 583 | |a last modification |c 20190908 07:46:47 |k Rodrigo Vera | ||
| 650 | 0 | 0 | |a Rol del docente |9 329733 |
| 650 | 0 | 0 | |a Innovaciones pedagógicas |9 307471 |
| 650 | 0 | 0 | |a Planificación de la educación |9 307333 |
| 650 | 0 | 0 | |a Congresos |9 257560 |
| 651 | 0 | |a América Latina |9 255027 | |
| 942 | |c BK | ||
| 945 | |a jcampos |d 20110421 00:00:00 | ||
| 546 | |a En Español | ||
| 536 | |a Oficina Regional de Educación para América Latina y el Caribe | ||
| 518 | |p Seminario regional Formas de aprender y nuevas formas de enseñar, 1, Santiago de Chile, 6-8 Noviembre 1995 | ||
| 999 | |c 384615 |d 384613 | ||
| 952 | |0 0 |1 0 |4 0 |6 371_102000000000000_NUE_1996 |7 0 |8 A |9 507454 |a BIBCUR |b BIBCUR |d 2020-01-23 |i 474148K |o 371.102 NUE 1996 |p 474148K |r 2025-04-22 |w 2020-01-23 |y BK |k BCB | ||
| 952 | |0 0 |1 0 |4 0 |6 371_102000000000000_NUE_1996 |7 0 |8 A |9 507455 |a BIBEDU |b BIBEDU |d 2020-01-23 |i 4838955 |l 2 |o 371.102 NUE 1996 |p 4838955 |r 2022-05-13 |s 2022-05-13 |w 2020-01-23 |y BK |k EPE | ||